000 01268nam a2200313 a 4500
001 000021049
003 DO-SdBNP
005 20230815134221.0
007 ta
008 100830e2004 dr ac gr 001 edspa d
020 _z00019595
040 _aDO-SdBNP
_bspa
_cBNPHU
082 4 _a972.9372
_bB142a
_222
100 1 _aBáez, Esther Miguelina
_d1960-
_944031
245 1 0 _aAzua :
_b500 años de historia y cultura /
_cEsther Miguelina Báez ; Ramiro Matos Gonzáles.
246 1 3 _aAzua :
_bquinientos años de historia y cultura
260 _aSanto Domingo :
_bBúho,
_c2004
300 _a138 p. ;
_c22 cm.
500 _aIncluye datos biográficos de la autora en la contracubierta
504 _aBibliografía: p. 137 -138
505 0 _aHistoria de la provincia de Azua de Compostela -- Geografía -- población -- Población -- Sociaedad -- Medio ambiente -- Cultura y ocio -- Económia.
590 _aInventariado 2023,
650 4 _aCiudades y pueblos
_zRepública Dominicana, Azua
_943876
651 4 _aAzua (República Dominicana)
_xHistoria local
_922073
651 4 _aAzua (República Dominicana)
_xVida social y costumbres
_912428
700 1 2 _aMatos Gonzálesz, Ramiro
_epról.
_944032
910 _aValidado. Control de calidad MFF
942 _2ddc
_cLBS1
999 _c20552
_d20552